| 000 | 00704nam a22001937a 4500 | ||
|---|---|---|---|
| 005 | 20180601111332.0 | ||
| 010 | _aB-694054 | ||
| 020 |
_a9788186270974 _c650.00 |
||
| 035 | _aB-694054 | ||
| 037 | _bRK Books | ||
| 082 | _a621.3 | ||
| 100 | _aRajput, R.K. | ||
| 245 |
_aAn Integrated Course in Elecrtical Engineering / _cR.K. Rajput |
||
| 260 |
_aDelhi _bBirla Publications _c2018 |
||
| 270 |
_a1/9185, Street No.5, West Rohtash Nagar, Shahdara _bDelhi _e110032 |
||
| 300 |
_aVP. _c22Cm (Pbk) |
||
| 942 |
_2ddc _cEN _h621.3 _mRAJ |
||
| 999 |
_c152344 _d152344 |
||